प्रतिज्ञा (Record no. 323311)

MARC details
000 -LEADER
fixed length control field 00465nam a2200157Ia 4500
008 - FIXED-LENGTH DATA ELEMENTS--GENERAL INFORMATION
fixed length control field 090711s9999 xx 000 0 und d
082 ## - DEWEY DECIMAL CLASSIFICATION NUMBER
Item number 60794
100 ## - MAIN ENTRY--PERSONAL NAME
Personal name पाठकशास्त्री
245 ## - TITLE STATEMENT
Title प्रतिज्ञा
260 ## - PUBLICATION, DISTRIBUTION, ETC. (IMPRINT)
Date of publication, distribution, etc 1967
600 ## - SUBJECT ADDED ENTRY--PERSONAL NAME
Personal name पाठकशास्त्री
630 ## - SUBJECT ADDED ENTRY--UNIFORM TITLE
Uniform title प्रतिज्ञा
700 ## - ADDED ENTRY--PERSONAL NAME
Personal name पाठकशास्त्री
730 ## - ADDED ENTRY--UNIFORM TITLE
Uniform title प्रतिज्ञा
942 ## - ADDED ENTRY ELEMENTS (KOHA)
Koha item type Book

No items available.